Soccer Player to Team Quiz (Premier League) - Statistics

General Stats
  • This quiz has been taken 134 times
  • The average score is 16 of 20
Answer Stats
Player Club % Correct
Kevin De Bruyne Manchester City
99%
N'Golo Kante Chelsea
97%
Mohamed Salah Liverpool
97%
Harry Kane Tottenham Hotspur
97%
Bukayo Saka Arsenal
96%
Cristiano Ronaldo Manchester United
96%
Jordan Pickford Everton
89%
James Maddison Leicester City
84%
Allan Saint-Maximin Newcastle United
84%
Declan Rice West Ham
84%
Philippe Coutinho Aston Villa
75%
Raphinha Leeds United
74%
James Ward-Prowse Southampton
74%
Raul Jimenez Wolves
73%
Connor Gallagher Crystal Palace
68%
Neal Maupay Brighton
67%
Christian Eriksen Brentford
65%
Wout Weghorst Burnley
64%
Teemu Pukki Norwich
61%
Ben Foster Watford
61%
No matching quizzes found
Score Distribution
Percent of People with Each Score
Percentile by Number Answered
Your Score History
You have not taken this quiz